2006 FIFA World Cup - All Goalscorers - Statistics

General Stats
  • This quiz has been taken 155 times
  • The average score is 48 of 110
Answer Stats
Hint Answer % Correct
5 Goals Germany Miroslav Klose
99%
1 Goal Portugal Cristiano Ronaldo
97%
3 Goals Brazil Ronaldo
97%
1 Goal Argentina Lionel Messi
93%
3 Goals France Zinedine Zidane
93%
1 Goal Ivory Coast Didier Drogba
88%
2 Goals Ukraine Andriy Shevchenko
86%
3 Goals Spain David Villa
86%
3 Goals France Thierry Henry
86%
3 Goals Spain Fernando Torres
84%
1 Goal Italy Alessandro Del Piero
82%
1 Goal Germany Philipp Lahm
82%
1 Goal Italy Francesco Totti
81%
1 Goal Brazil Kaká
79%
3 Goals Germany Lukas Podolski
77%
2 Goals Italy Marco Materazzi
76%
1 Goal Italy Andrea Pirlo
75%
2 Goals England Steven Gerrard
75%
2 Goals Australia Tim Cahill
74%
2 Goals Germany Bastian Schweinsteiger
73%
1 Goal France Franck Ribéry
73%
3 Goals Argentina Hernán Crespo
73%
1 Goal England David Beckham
70%
1 Goal Italy Fabio Grosso
69%
2 Goals Italy Luca Toni
69%
1 Goal Spain Raúl
69%
1 Goal Netherlands Arjen Robben
67%
1 Goal Netherlands Ruud van Nistelrooy
65%
1 Goal Argentina Carlos Tevez
64%
1 Goal England Joe Cole
63%
3 Goals Argentina Maxi Rodríguez
63%
2 Goals Brazil Adriano
62%
1 Goal Netherlands Robin van Persie
61%
1 Goal Mexico Rafael Márquez
58%
1 Goal Portugal Deco
57%
1 Goal Sweden Henrik Larsson
57%
1 Goal Portugal Pauleta
57%
1 Goal Ghana Asamoah Gyan
56%
1 Goal Italy Filippo Inzaghi
55%
2 Goals France Patrick Vieira
55%
1 Goal Italy Gianluca Zambrotta
54%
1 Goal Czech Republic Jan Koller
54%
1 Goal Germany Torsten Frings
54%
1 Goal Argentina Esteban Cambiasso
53%
1 Goal England Peter Crouch
53%
2 Goals Czech Republic Tomáš Rosický
53%
1 Goal Italy Alberto Gilardino
49%
2 Goals Portugal Maniche
49%
1 Goal Brazil Zé Roberto
48%
2 Goals Costa Rica Paulo Wanchope
47%
1 Goal South Korea Park Ji-sung
46%
2 Goals Switzerland Alexander Frei
44%
1 Goal USA Clint Dempsey
43%
1 Goal Ivory Coast Bonaventure Kalou
42%
1 Goal Germany Oliver Neuville
42%
1 Goal Argentina Roberto Ayala
42%
1 Goal Italy Vincenzo Iaquinta
42%
1 Goal Australia Harry Kewell
39%
1 Goal Portugal Nuno Gomes
38%
1 Goal Spain Xabi Alonso
38%
1 Goal Argentina Javier Saviola
37%
1 Goal Brazil Juninho
36%
1 Goal Ghana Sulley Muntari
36%
Own Goal Italy Cristian Zaccardo
35%
1 Goal Costa Rica Rónald Gómez
31%
1 Goal Croatia Darijo Srna
30%
1 Goal Brazil Fred
28%
1 Goal Brazil Gilberto
27%
1 Goal Japan Shunsuke Nakamura
27%
1 Goal Sweden Freddie Ljungberg
26%
2 Goals Ivory Coast Aruna Dindane
25%
1 Goal Portugal Simão
25%
1 Goal Ghana Stephen Appiah
25%
1 Goal Serbia and Montenegro Nikola Žigić
24%
1 Goal Ivory Coast Bakari Koné
23%
1 Goal Croatia Niko Kovač
23%
1 Goal Ukraine Serhii Rebrov
23%
Own Goal Portugal Petit
21%
1 Goal Switzerland Tranquillo Barnetta
20%
1 Goal South Korea Lee Chun-soo
19%
1 Goal South Korea Ahn Jung-hwan
18%
2 Goals Ecuador Agustín Delgado
17%
1 Goal Sweden Marcus Allbäck
17%
1 Goal Switzerland Philippe Senderos
17%
2 Goals Ecuador Carlos Tenorio
16%
2 Goals Mexico Omar Bravo
16%
1 Goal Angola Flávio
15%
1 Goal Australia John Aloisi
15%
2 Goals Poland Bartosz Bosacki
14%
1 Goal Australia Craig Moore
14%
1 Goal Ecuador Iván Kaviedes
14%
Own Goal Paraguay Carlos Gamarra
13%
1 Goal Saudi Arabia Sami Al-Jaber
13%
1 Goal Serbia and Montenegro Saša Ilić
12%
1 Goal Spain Juanito
11%
1 Goal Togo Mohamed Kader
11%
1 Goal Paraguay Nelson Cuevas
11%
1 Goal Mexico Francisco Fonseca
10%
1 Goal Ghana Haminu Draman
10%
1 Goal Tunisia Ziad Jaziri
10%
1 Goal Iran Yahya Golmohammadi
9%
1 Goal Ukraine Andriy Rusol
8%
Own Goal Trinidad and Tobago Brent Sancho
8%
1 Goal Japan Keiji Tamada
8%
1 Goal Ukraine Maksym Kalynychenko
8%
1 Goal Tunisia Radhi Jaïdi
8%
1 Goal Mexico Sinha
8%
1 Goal Tunisia Jawhar Mnari
7%
1 Goal Saudi Arabia Yasser Al-Qahtani
6%
1 Goal Iran Sohrab Bakhtiarizadeh
4%
No matching quizzes found
Score Distribution
Percent of People with Each Score
Percentile by Number Answered
Your Score History
You have not taken this quiz